LEADER 01131nam 2200361 450 001 9910795230403321 005 20230808211934.0 010 $a1-945227-90-7 035 $a(CKB)4970000000138623 035 $a(MiAaPQ)EBC5902562 035 $a(EXLCZ)994970000000138623 100 $a20191118d2016 uy 0 101 0 $aita 135 $aurcnu|||||||| 181 $ctxt$2rdacontent 182 $cc$2rdamedia 183 $acr$2rdacarrier 200 10$aIntroduzione All'Islam $eriposte ad oltre 100 domande fondamentali per lettori giovani (a al primo contatto con l'Islam) /$fZahid Aziz ; traduzione di Sara C. Meskar 210 1$aDublin, Ohio :$cAhmadiyya Anjuman Isha'at Islam, Lahore, USA,$d[2016] 210 4$d©2016 215 $a1 online resource (61 pages) 606 $aIslam$xStudy and teaching 615 0$aIslam$xStudy and teaching. 676 $a297.071 700 $aAziz$b Zahid$01485417 702 $aMeskar$b Sara C. 801 0$bMiAaPQ 801 1$bMiAaPQ 801 2$bMiAaPQ 906 $aBOOK 912 $a9910795230403321 996 $aIntroduzione All'Islam$93704525 997 $aUNINA LEADER 01248nam2 22003253i 450 001 MIL0657201 005 20251003044236.0 010 $a8842072648 100 $a20050121d2005 ||||0itac50 ba 101 | $aita 102 $ait 181 1$6z01$ai $bxxxe 182 1$6z01$an 183 1$6z01$anc$2RDAcarrier 200 1 $aˆ2: L'‰ordinamento europeo$fPaolo Tosi, Fiorella Lunardon 210 $aRoma [etc.]$cGLF editori Laterza$d2005 215 $a280 p.$d21 cm. 225 | $aManuali Laterza$v193 410 0$1001CFI0167592$12001 $aManuali Laterza$v193 461 1$1001UBO2597859$12001 $aIntroduzione al diritto del lavoro$fPaolo Tosi, Fiorella Lunardon$v2 676 $a344.401$9DIRITTO DEL LAVORO. Europa$v21 700 1$aTosi$b, Paolo$f <1943- >$3CFIV207844$4070$0437662 701 1$aLunardon$b, Fiorella$3MILV118802$4070$0145142 801 3$aIT$bIT-000000$c20050121 850 $aIT-BN0095 912 $aMIL0657201 950 2$aBiblioteca Centralizzata di Ateneo$cv. 2$d 01POZZO LIB.ECON MON 2571$e 0101 0000060945E VMA (002 v. 2 precedente collocazione sez. DASES A 0170$fB $h20090612$i20090612 977 $a 01 996 $aOrdinamento europeo$964881 997 $aUNISANNIO